000 00818nam a2200241Ia 4500
003 GCL
008 140319s9999 xx 000 0 ara d
020 _a5408802977
040 _aGCL /
_cGCL
082 0 4 _a822.008
_bش ك
100 1 _aبدرالديب (مترجم)
245 1 0 _aكوميديا الأخطاء /
_cبدرالديب (مترجم)
700 1 _aمحمد عوض محمد (مراجع)
700 1 _aشكسبير، ويليام
250 _aالثالثة
260 _aالقاهرة :
_bدار المعارف ،
_c1993
300 _a126 ص ؛
_c19سم
490 _aمسرحيات شكسبير
_v0
650 0 4 _aالمسرحيات الانجليزية المترجمة
650 0 4 _aشكسبير، ويليام
650 0 4 _aالمسرح الانجليزى المترجم
942 _2ddc
_cBK
999 _c29879
_d29879